000 00519nam a2200157Ia 4500
008 230907s9999||||xx |||||||||||||| ||und||
082 _a621.3
_bWAL
100 _aHafiz Waleed Ahmad (00000205863)
_9116482
245 0 _aIntegrated DER Planning and Scheduling of Smart Distribution System through Two Stage Methodology /
260 _aUSPCAS-E, NUST,
_bIslamabad :
_c2019
300 _a82 p.
520 _aTH-183
650 _aMS-EEP Thesis MS Thesis
700 _aDr Syed Ali Abbas Kazmi
_9117439
942 _cTHE
_2ddc
999 _c601862
_d601862